000 00270nam a22001097a 4500
008 170117b xxu||||| |||| 00| 0 eng d
020 _a9781418064129
041 _aeng
080 _26TH
_a618.2
245 _aADMINISTRATIVE MEDICAL ASSISTING
_cFORDNEY, M.T
942 _2udc
_cBK
999 _c2980
_d2980